Промышленная Россия 1923-1924. Ч. 1-3: справочная книга; Ч. 1: промышленность; Ч. 2: списки промышленных предприятий; Ч. 3: труд

Chi tiết về thư mục
Tác giả khác: Белостоцкий В. Л. (составитель), Блюм А. А., Веницианов М. С.
Tóm tắt:Разд. паг.
Ngôn ngữ:Tiếng Nga
Được phát hành: Петроград, Издание газеты "Экономическая жизнь", 1924
TOC:Ч. 1: промышленность;
Ч. 2: списки промышленных предприятий;
Ч. 3: труд;
Những chủ đề:
Định dạng: Sách
KOHA link:https://koha.lib.tpu.ru/cgi-bin/koha/opac-detail.pl?biblionumber=330233

MARC

LEADER 00000nam0a2200000 4500
001 330233
005 20231102004236.0
010 |b 5200 экз. 
035 |a (RuTPU)RU\TPU\book\356006 
090 |a 330233 
100 |a 20170330d1924 m y0rusy50 ca 
101 0 |a rus 
102 |a RU 
105 |a a cg 001zy 
200 1 |a Промышленная Россия 1923-1924. Ч. 1-3  |e справочная книга   |f сост. В. Л. Белостоцкий, А. А. Блюм, М. С. Веницианов и др. 
210 |a Петроград  |c Издание газеты "Экономическая жизнь"  |d 1924 
215 |a 1394 с.  |c ил. 
300 |a Разд. паг. 
320 |a Предм. указ.: XIV с. 
464 |t Ч. 1: промышленность 
464 |t Ч. 2: списки промышленных предприятий 
464 |t Ч. 3: труд 
606 |a Энциклопедии  |2 stltpush  |3 (RuTPU)RU\TPU\subj\21381  |9 46387 
610 1 |a промышленность 
610 1 |a промышленные предприятия 
610 1 |a тресты 
610 1 |a синдикаты 
610 1 |a списки предприятий 
610 1 |a горная промышленность 
610 1 |a обработка земель 
610 1 |a добыча песка 
610 1 |a добыча глины 
610 1 |a металлообрабатывающая промышленность 
610 1 |a электротехническая промышленность 
610 1 |a металлургические заводы 
610 1 |a механические заводы 
610 1 |a самоварные фабрики 
610 1 |a деревообрабатывающая промышленность 
610 1 |a химическая промышленнсть 
610 1 |a производство пищевых продуктов 
610 1 |a текстильная промышленность 
610 1 |a швейная промышленность 
610 1 |a бумажная промышленность 
610 1 |a электрические станции 
610 1 |a торговля 
610 1 |a кооперация 
610 1 |a финансы и кредит 
610 1 |a транспорт 
610 1 |a телеграф 
686 |a Я20  |v LBC/SL-A  |2 rubbk 
702 1 |a Белостоцкий  |b В. Л.  |4 220 
702 1 |a Блюм   |b А. А.  |4 220 
702 1 |a Веницианов  |b М. С.  |4 220 
801 1 |a RU  |b 63413507  |c 20170330 
801 2 |a RU  |b 63413507  |c 20170530  |g RCR 
942 |c BK